| 000 | 00685nam a22002297a 4500 | ||
|---|---|---|---|
| 005 | 20170124110027.0 | ||
| 010 | _aA-710428 | ||
| 020 |
_c00.00 _a8170243548 |
||
| 035 | _aA-710428 | ||
| 037 | _bCen Lib/Ret | ||
| 040 |
_aDPL _bEN |
||
| 082 |
_a574.5264 _bCHA |
||
| 100 |
_aChandra, S. K _920909 |
||
| 245 |
_aHimalayas : _cby S. K. Chandra _benvironmental problems / |
||
| 260 |
_aNew Delhi _bAshish Publishing House _c1990 |
||
| 270 |
_a8/81, Punjabi Bagh _bNew Delhi _e110026 |
||
| 300 |
_aviii,190p. _c22cm(Hb) |
||
| 500 | _aIncludes index | ||
| 650 |
_aNatural resources _920910 |
||
| 650 |
_aEnvironmental policy _910587 |
||
| 942 |
_2ddc _cEN _h574.5264 _mCHA |
||
| 999 |
_c127579 _d127579 |
||